000 004790000a22001810004500
003 LK-CoMWRAF
005 20230902225119.0
008 230817t2003 ||||| |||| 00| 0 eng d
020 _a8178981033
040 _aLK-CoMWRAF
_dLK-CoMWRAF
_eLK-CoMWRAF
041 _aeng
082 _a823
_bKHA
100 _aKhan, Saniyasnain
245 _aThe Sleepers in the cave :
_bQuran stories for little hearts
260 _aNew Delhi :
_bGoodword books,
_c2003
300 _a23p
942 _cBK
999 _c923
_d923